000 00295nam a22001337a 4500
008 181015b xxu||||| |||| 00| 0 eng d
020 _a056015120
041 _aeng
080 _a321
100 _a21
101 _aPOL
245 _aMajor European Government
_cRasmusen.a
942 _2udc
_cBK
999 _c49698
_d49698